[Event "13th EICC"]
[Site "Plovdiv BUL"]
[Date "2012.03.21"]
[Round "2.126"]
[White "Perunovic, Miodrag"]
[Black "Cherednichenko, Svetlana"]
[Result "0-1"]
[WhiteTitle "IM"]
[BlackTitle "WGM"]
[WhiteElo "2481"]
[BlackElo "2279"]
[WhiteFideId "919993"]
[BlackFideId "14105551"]
[EventDate "2012.03.20"]
[EventType "swiss"]

1. d4 d6 2. c4 f5 3. Nc3 Nf6 4. Bg5 Nbd7 5. Qc2 g6 6. h4 h6 7. Bxf6 Nxf6 8.
O-O-O Bg7 9. Nh3 Ng4 10. e3 e5 11. dxe5 Nxe5 12. Nf4 O-O 13. Be2 c6 14. Kb1 a6
15. Qb3 Kh7 16. Qa3 Rf6 17. Ka1 Rb8 18. g4 b5 19. g5 b4 20. Qb3 Rf7 21. h5 gxh5
22. Rxh5 bxc3 23. Qxb8 c2 24. Rg1 Rb7 25. gxh6 c1=R+ 26. Rxc1 Rxb8 27. hxg7+
Kxg7 28. Rch1 Nf7 29. Rh7+ Kg8 30. R7h2 Qf6 31. Nd3 Be6 32. Rg2+ Kf8 33. Rhg1
Ne5 34. Nf4 Bf7 35. Nh5 Qh8 36. Ng7 Ng6 0-1

[Event "13th EICC"]
[Site "Plovdiv BUL"]
[Date "2012.03.21"]
[Round "2.127"]
[White "Kjurkchiiski, Georgi"]
[Black "Cioara, Andrei-Nestor"]
[Result "1-0"]
[BlackTitle "IM"]
[WhiteElo "2266"]
[BlackElo "2477"]
[WhiteFideId "2901153"]
[BlackFideId "1203509"]
[EventDate "2012.03.20"]
[EventType "swiss"]

1. e4 e6 2. d4 d5 3. Nc3 Bb4 4. e5 c5 5. a3 Ba5 6. b4 cxd4 7. Nb5 Bc7 8. f4 Bd7
9. Nf3 Bxb5 10. Bxb5+ Nc6 11. Bd3 Nge7 12. O-O a6 13. Kh1 h6 14. Rb1 Bb6 15. Qe2
g6 16. Bd2 Qc7 17. g3 Nf5 18. b5 Nce7 19. bxa6 bxa6 20. Rb3 O-O 21. g4 Ne3 22.
Rg1 f5 23. Nxd4 Nxg4 24. Nxe6 Qc6 25. Rxg4 Qxe6 26. Rg3 Bc5 27. Bb4 Bxb4 28.
Rxb4 a5 29. Rb7 Rfb8 30. Rxe7 Qxe7 31. Rxg6+ Kf8 32. Qh5 Rb1+ 33. Kg2 Ra7 34.
Qxf5+ 1-0

[Event "13th EICC"]
[Site "Plovdiv BUL"]
[Date "2012.03.21"]
[Round "2.128"]
[White "Gaehwiler, Gabriel"]
[Black "Can, Emre"]
[Result "1/2-1/2"]
[BlackTitle "GM"]
[WhiteElo "2260"]
[BlackElo "2476"]
[WhiteFideId "1314530"]
[BlackFideId "6302181"]
[EventDate "2012.03.20"]
[EventType "swiss"]

1. d4 Nf6 2. c4 g6 3. Nc3 Bg7 4. Bg5 O-O 5. e3 c5 6. Bxf6 exf6 7. dxc5 f5 8.
Nge2 Na6 9. g3 Nxc5 10. Bg2 Qb6 11. b3 Qa5 12. Rc1 d5 13. Bxd5 f4 14. O-O Bg4
15. exf4 Bxc3 16. f3 Bh3 17. Nxc3 Bxf1 18. Qxf1 Rae8 19. Ne4 Nxe4 20. fxe4 Qxa2
21. c5 Re7 22. Qf2 Qa3 23. Rc2 Rc8 24. Qd4 Rec7 25. b4 a5 26. b5 Qb4 27. Qxb4
axb4 28. c6 bxc6 29. Bxc6 Ra7 30. Rb2 b3 31. Rxb3 Ra2 32. h4 Kf8 33. Rb1 Rc2 34.
Rd1 Rc7 35. Kf1 Rb2 36. Ra1 Ke7 37. Ra3 Kd6 38. Rf3 Ra7 39. Rf2 Rb1+ 40. Kg2
Raa1 41. Rd2+ Kc5 42. e5 Ra3 43. Rc2+ Kb6 44. Bd5 Re1 45. Bxf7 Ree3 46. e6 Rxg3+
47. Kf1 Ra7 48. Rc6+ Kxb5 49. Be8 Kb4 50. Bd7 Rf3+ 51. Kg2 Re3 52. Kf2 Raa3 53.
Rc2 Rf3+ 54. Kg2 Rfe3 55. Kf2 Re4 56. Re2 Rxf4+ 57. Kg2 Rg4+ 58. Kf2 Rxh4 59.
Kg2 Rah3 60. Re5 Rh2+ 61. Kg1 Rh1+ 62. Kg2 1/2-1/2

[Event "13th EICC"]
[Site "Plovdiv BUL"]
[Date "2012.03.21"]
[Round "2.129"]
[White "Arnaudov, G. Petar"]
[Black "Voiteanu, Gabriel"]
[Result "1/2-1/2"]
[WhiteTitle "IM"]
[BlackTitle "FM"]
[WhiteElo "2476"]
[BlackElo "2275"]
[WhiteFideId "2907127"]
[BlackFideId "1208810"]
[EventDate "2012.03.20"]
[EventType "swiss"]

1. Nf3 Nf6 2. c4 g6 3. Nc3 d5 4. cxd5 Nxd5 5. Qc2 Bg7 6. e4 Nb6 7. d4 O-O 8. Be3
f5 9. Qb3+ Kh8 10. d5 fxe4 11. Ng5 a5 12. Rd1 a4 13. Qc2 a3 14. b4 Qd6 15. Qb3
Bf5 16. Ngxe4 Bxe4 17. Nxe4 Qe5 18. Qd3 Na6 19. Bd4 Qxd4 20. Qxd4 Bxd4 21. Rxd4
Rad8 22. b5 e5 23. Rd2 Nb4 24. d6 cxd6 25. Nxd6 Rd7 26. f3 Kg7 27. Nc4 Rxd2 28.
Kxd2 Rd8+ 29. Kc3 Nxa2+ 30. Kb3 Nc1+ 31. Kxa3 Nxc4+ 32. Bxc4 Nd3 33. Rd1 Ra8+
34. Kb3 Nc5+ 35. Kb4 b6 36. Rd6 Ra4+ 37. Kc3 Ra1 38. Kd2 Ra4 39. Kc3 Ra1 40. Kc2
Ra4 41. Be2 Ra2+ 42. Kd1 e4 43. fxe4 Nxe4 44. Rc6 Rb2 45. h4 h5 46. Bc4 Rxg2 47.
Rxb6 Nc3+ 48. Ke1 Rg4 49. Rc6 Nxb5 50. Bxb5 Rxh4 51. Kf2 Rf4+ 52. Kg2 Rf6 53.
Rc7+ Rf7 54. Rc1 Re7 55. Bd3 Re3 56. Bc4 Re7 57. Kf3 Rf7+ 58. Kg3 Rf6 1/2-1/2

[Event "13th EICC"]
[Site "Plovdiv BUL"]
[Date "2012.03.21"]
[Round "2.130"]
[White "Jurcik, Marian"]
[Black "Ben Artzi, Ido"]
[Result "1/2-1/2"]
[WhiteTitle "IM"]
[WhiteElo "2467"]
[BlackElo "2271"]
[WhiteFideId "14907518"]
[BlackFideId "2810913"]
[EventDate "2012.03.20"]
[EventType "swiss"]

1. d4 Nf6 2. Nf3 g6 3. Nc3 d5 4. Bf4 c6 5. e3 Bg7 6. h3 O-O 7. Bd3 a5 8. O-O Na6
9. a3 Re8 10. Be5 Nc7 11. Re1 Nd7 12. Bxg7 Kxg7 13. e4 dxe4 14. Nxe4 Nd5 15. Qd2
N5f6 16. Qg5 Nf8 17. Ng3 Ne6 18. Qh4 Qd6 19. Ne4 Qf4 20. Nxf6 Qxf6 21. Qxf6+
exf6 22. c3 Bd7 23. Nd2 c5 24. dxc5 Nxc5 25. Bc2 Bc6 26. Nb3 Nxb3 27. Bxb3 Re5
28. Bc4 a4 29. f3 Rd8 30. Rad1 Rde8 31. Kf2 1/2-1/2

[Event "13th EICC"]
[Site "Plovdiv BUL"]
[Date "2012.03.21"]
[Round "2.131"]
[White "Nestorovic, Nikola"]
[Black "Kumic, Filip"]
[Result "1/2-1/2"]
[WhiteTitle "IM"]
[WhiteElo "2462"]
[BlackElo "2247"]
[WhiteFideId "934526"]
[BlackFideId "931373"]
[EventDate "2012.03.20"]
[EventType "swiss"]

1. e4 c5 2. Nf3 d6 3. d4 cxd4 4. Nxd4 Nf6 5. Nc3 a6 6. Be3 Nc6 7. Be2 e5 8. Nf3
h6 9. O-O Be7 10. Nd2 Nd4 11. Bd3 Nc6 12. Nc4 Be6 13. Nb6 Rb8 14. Nbd5 O-O 15.
Bb6 Qd7 16. Bc4 Bd8 17. Bxd8 Qxd8 18. Qd3 Rc8 19. Bb3 Nd4 20. Rac1 Nxb3 21. axb3
Nd7 22. Rcd1 Kh8 23. Rd2 Qe8 24. Ne3 Rc6 25. Rfd1 Nf6 26. Qe2 Qb8 27. Qf3 Rfc8
28. Ne2 b5 29. b4 Qc7 30. Ra1 Qe7 31. c3 g6 32. Nd5 Bxd5 33. exd5 Rb6 34. Qe3
Rcb8 35. Qxh6+ Kg8 36. h3 Qb7 37. Rad1 Rc8 38. f4 Ne4 39. Rd3 Qa7 40. fxe5 dxe5
41. Qe3 Rb7 42. Qxa7 Rxa7 43. d6 Rd7 44. Nc1 Rc6 45. Nb3 Rdxd6 46. Rxd6 Nxd6 47.
Nc5 a5 48. bxa5 Nc4 49. Rd8+ Kg7 50. Nd3 Nxa5 51. Nxe5 Re6 52. Rd5 Nc4 53. Nd3
Re2 54. Rxb5 Rd2 55. Rb4 Ne3 56. Ne1 Nd1 57. Rd4 Rxd4 58. cxd4 Nxb2 59. Kf2 f5
60. Nf3 Kf6 1/2-1/2

[Event "13th EICC"]
[Site "Plovdiv BUL"]
[Date "2012.03.21"]
[Round "2.132"]
[White "Pantic, Ivica"]
[Black "Simacek, Pavel"]
[Result "0-1"]
[BlackTitle "IM"]
[WhiteElo "2242"]
[BlackElo "2447"]
[WhiteFideId "929395"]
[BlackFideId "307165"]
[EventDate "2012.03.20"]
[EventType "swiss"]

1. Nf3 f5 2. d3 d6 3. e4 e5 4. exf5 Bxf5 5. d4 e4 6. Bg5 Be7 7. Nh4 Bxg5 8. Nxf5
g6 9. h4 Bf6 10. Ne3 d5 11. h5 Nc6 12. c3 Qd6 13. Nd2 O-O-O 14. Qg4+ Kb8 15.
O-O-O Nh6 16. Qe2 Bg5 17. Kb1 Rhf8 18. hxg6 hxg6 19. Ng4 Nxg4 20. Qxg4 Qe7 21.
Bb5 Rxf2 22. Nb3 Qf6 23. Bxc6 bxc6 24. Na5 Ka8 25. Ka1 e3 26. Rb1 Qf5 27. Qd1
Qc2 28. Qxc2 Rxc2 29. Nxc6 Rf8 30. g3 e2 31. Rbe1 Rc1+ 32. Rxc1 Bxc1 0-1

[Event "13th EICC"]
[Site "Plovdiv BUL"]
[Date "2012.03.21"]
[Round "2.133"]
[White "Bukal, Vladimir Jr."]
[Black "Kigel, Dmytro"]
[Result "1-0"]
[WhiteTitle "IM"]
[BlackTitle "FM"]
[WhiteElo "2441"]
[BlackElo "2235"]
[WhiteFideId "14502941"]
[BlackFideId "14117932"]
[EventDate "2012.03.20"]
[EventType "swiss"]

1. d4 d5 2. c4 e6 3. Nc3 Nf6 4. Nf3 Bb4 5. g3 O-O 6. Bg2 dxc4 7. O-O c5 8. a3
Bxc3 9. bxc3 Nc6 10. a4 Qa5 11. Qc2 Rd8 12. Rd1 cxd4 13. cxd4 Qa6 14. Bg5 h6 15.
Bxf6 gxf6 16. e4 Kg7 17. Qc3 Na5 18. e5 f5 19. Nd2 Bd7 20. d5 Kh7 21. d6 Rac8
22. Ne4 fxe4 23. Bxe4+ Kg7 24. Qf3 Bc6 25. Qf6+ Kg8 26. Rd4 h5 27. Bh7+ Kxh7 28.
Rh4 Bf3 29. Qxf3 f5 30. Qxh5+ 1-0

[Event "13th EICC"]
[Site "Plovdiv BUL"]
[Date "2012.03.21"]
[Round "2.134"]
[White "Pavlidou, Ekaterini"]
[Black "Smirnov, Artem"]
[Result "1/2-1/2"]
[WhiteTitle "WIM"]
[BlackTitle "IM"]
[WhiteElo "2231"]
[BlackElo "2436"]
[WhiteFideId "4213262"]
[BlackFideId "4143256"]
[EventDate "2012.03.20"]
[EventType "swiss"]

1. d4 d5 2. c4 e6 3. Nf3 a6 4. Nc3 dxc4 5. a4 Nf6 6. e3 b6 7. Bxc4 Bb7 8. O-O
Bb4 9. Qe2 O-O 10. Rd1 Nbd7 11. Bd2 c5 12. Be1 cxd4 13. exd4 Qc7 14. Bb3 Qf4 15.
Rd3 Bxc3 16. bxc3 Ng4 17. g3 Qe4 18. Bd1 Rfd8 19. h3 Ngf6 20. Re3 Qf5 21. Kh2
Nd5 22. Rd3 Rac8 23. Nh4 Qf6 24. Rf3 Qe7 25. c4 N5f6 26. Rb3 Qd6 27. d5 Re8 28.
Re3 exd5 29. Nf5 Qc7 30. Ne7+ Rxe7 31. Rxe7 dxc4 32. Rc1 b5 33. axb5 axb5 34.
Bc3 Qc6 35. f3 h5 36. Bc2 Nd5 37. Be4 N7f6 38. Bxf6 gxf6 39. Rxb7 Qxb7 40. Qd2
Rd8 41. Qh6 Qa7 42. Bh7+ Kh8 43. Bf5+ Kg8 44. Bh7+ Kh8 45. Bf5+ 1/2-1/2

[Event "13th EICC"]
[Site "Plovdiv BUL"]
[Date "2012.03.21"]
[Round "2.135"]
[White "Arsovic, Zoran"]
[Black "Yakimenko, Alexander A."]
[Result "1-0"]
[WhiteTitle "IM"]
[WhiteElo "2435"]
[BlackElo "2223"]
[WhiteFideId "901679"]
[BlackFideId "24141917"]
[EventDate "2012.03.20"]
[EventType "swiss"]

1. Nf3 e6 2. c4 f5 3. g3 Nf6 4. Bg2 Be7 5. O-O O-O 6. Nc3 d5 7. cxd5 exd5 8. d3
Nc6 9. Bf4 a6 10. Rc1 Kh8 11. Qb3 d4 12. Na4 Nd5 13. Bd2 Be6 14. Qxb7 Ndb4 15.
Bxb4 Nxb4 16. a3 Bb3 17. axb4 Bxa4 18. Ne5 Rc8 19. Qxa6 Bb3 20. Bb7 Bd6 21. Nc4
Bxc4 22. Rxc4 Rb8 23. Rxd4 Qe7 24. Bf3 f4 25. Re4 Qg5 26. Kg2 Bxb4 27. Qa2 Bd6
28. g4 h5 29. h4 Qb5 30. g5 g6 31. Qe6 Qf5 32. Qxf5 Rxf5 33. Re6 Kg7 34. Be4 f3+
35. exf3 Rf4 36. Rh1 Rxb2 37. Rxg6+ Kf7 38. Rxd6 cxd6 39. Kg3 1-0

[Event "13th EICC"]
[Site "Plovdiv BUL"]
[Date "2012.03.21"]
[Round "2.136"]
[White "Hristodoulou, Panagiotis"]
[Black "Georgiadis, Ioannis"]
[Result "1-0"]
[BlackTitle "IM"]
[WhiteElo "2203"]
[BlackElo "2435"]
[WhiteFideId "4214340"]
[BlackFideId "4208900"]
[EventDate "2012.03.20"]
[EventType "swiss"]

1. e4 e5 2. Nf3 Nc6 3. Bb5 a6 4. Ba4 Nge7 5. O-O g6 6. c3 Bg7 7. d4 exd4 8. cxd4
b5 9. Bc2 d6 10. h3 O-O 11. a4 b4 12. a5 Rb8 13. d5 Na7 14. Nbd2 Bd7 15. Re1 Bb5
16. Nb3 c5 17. dxc6 Naxc6 18. Ra2 Bc4 19. Bd3 Bxb3 20. Qxb3 Nxa5 21. Qd1 b3 22.
Ra3 Nec6 23. Bxa6 Qb6 24. Bd3 Rfd8 25. Be3 Qb7 26. Qe2 Ra8 27. Rea1 Rdb8 28. Qd2
Qb4 29. Qe2 Qb7 30. Qd2 Qc7 31. Rc1 Qd8 32. Ra4 Qf6 33. Nd4 Nxd4 34. Bxd4 Qxd4
35. Rxd4 Bxd4 36. Bc4 Bg7 37. Bd5 Ra7 38. f4 Bf6 39. Re1 Bh4 40. Re2 Rc8 41. Qe3
Rcc7 42. Kh2 Kg7 43. Qb6 Bd8 44. Qb4 Bf6 45. Qxd6 Nc4 46. Qb4 Nxb2 47. Qxb3 Na4
48. e5 Be7 49. Rc2 Nc5 50. Qb6 Kf8 51. Rc3 Kg7 1-0

[Event "13th EICC"]
[Site "Plovdiv BUL"]
[Date "2012.03.21"]
[Round "2.137"]
[White "Sharafiev, Azat"]
[Black "Sofranov, Velizar"]
[Result "1-0"]
[WhiteTitle "IM"]
[WhiteElo "2433"]
[BlackElo "2198"]
[WhiteFideId "4186214"]
[BlackFideId "2906465"]
[EventDate "2012.03.20"]
[EventType "swiss"]

1. d4 Nf6 2. c4 g6 3. g3 c6 4. Nf3 d5 5. b3 Bg7 6. Bg2 O-O 7. O-O Bf5 8. Bb2 Qb6
9. Nc3 dxc4 10. Na4 Qb5 11. bxc4 Qxc4 12. Ne5 Qb5 13. Ba3 Re8 14. Re1 Nbd7 15.
e4 Be6 16. Nxd7 Nxd7 17. Rb1 Qa6 18. d5 cxd5 19. exd5 Bf5 20. Bf1 b5 21. Rxb5
Rac8 22. Rb6 Qa5 23. Ra6 Qc7 24. Rc6 Qa5 25. Rxe7 Bf8 26. Ra6 Qc7 27. Rxe8 Rxe8
28. Bxf8 Rxf8 29. d6 Qb7 30. Qd4 Re8 31. Rxa7 Qf3 32. Nc3 Re1 33. Rxd7 Bxd7 34.
Nd5 Bh3 35. Ne7+ Rxe7 36. dxe7 1-0

[Event "13th EICC"]
[Site "Plovdiv BUL"]
[Date "2012.03.21"]
[Round "2.139"]
[White "Poetsch, Hagen"]
[Black "Mindlin, Alon"]
[Result "1-0"]
[WhiteTitle "IM"]
[WhiteElo "2432"]
[BlackElo "2186"]
[WhiteFideId "24615137"]
[BlackFideId "2800071"]
[EventDate "2012.03.20"]
[EventType "swiss"]

1. e4 e5 2. Nf3 Nc6 3. Bc4 Nf6 4. Ng5 d5 5. exd5 Na5 6. Bb5+ c6 7. dxc6 bxc6 8.
Bd3 Ng4 9. Ne4 f5 10. Be2 h5 11. h3 fxe4 12. hxg4 Bc5 13. Nc3 Qd4 14. O-O O-O
15. Qe1 hxg4 16. d3 exd3 17. Bxd3 Rxf2 18. Qxf2 Qxf2+ 19. Rxf2 g3 20. Ne4 gxf2+
21. Kf1 Nb7 22. Bc4+ Kh7 23. Nxc5 Nxc5 24. Kxf2 Kg6 25. Be3 Ne4+ 26. Kf3 Nf6 27.
Bc5 Bf5 28. Re1 Rd8 29. Bxa7 Bxc2 30. Rxe5 Rd2 31. Rg5+ Kh6 32. Ke3 Rd7 33. Ra5
Ng4+ 34. Kf4 Bd1 35. b3 Rd6 36. Kg3 1-0

[Event "13th EICC"]
[Site "Plovdiv BUL"]
[Date "2012.03.21"]
[Round "2.140"]
[White "Galopoulos, Nikolaos"]
[Black "Scekic, Veljko"]
[Result "0-1"]
[WhiteElo "2430"]
[BlackElo "2186"]
[WhiteFideId "4208951"]
[BlackFideId "940020"]
[EventDate "2012.03.20"]
[EventType "swiss"]

1. d4 Nf6 2. c4 g6 3. Nc3 Bg7 4. e4 d6 5. f3 O-O 6. Be3 Nc6 7. Qd2 e5 8. d5 Nd4
9. Nge2 Nxe2 10. Bxe2 Nh5 11. g3 f5 12. exf5 gxf5 13. O-O-O Bd7 14. f4 Nf6 15.
fxe5 dxe5 16. Rhf1 Qe8 17. h3 Qg6 18. Bd3 Ne4 19. Bxe4 fxe4 20. g4 Rf3 21. Rxf3
exf3 22. d6 cxd6 23. Qd5+ Be6 24. Qxf3 Bxc4 25. Qxb7 Re8 26. Qd7 Bf8 27. Qxa7
Rc8 28. Qb7 Be6 29. a4 d5 30. Qxc8 Bxc8 31. Rxd5 Qf6 32. Kd2 Be6 33. Rb5 Bc4 34.
Rb7 Qc6 35. Rb6 Qg2+ 36. Kc1 Bd3 37. Kd1 Qf1+ 38. Kd2 Bc4 0-1

[Event "13th EICC"]
[Site "Plovdiv BUL"]
[Date "2012.03.21"]
[Round "2.142"]
[White "Ivanov, Alexey3"]
[Black "Ilic, Slobodan S"]
[Result "1-0"]
[WhiteTitle "IM"]
[WhiteElo "2424"]
[BlackElo "2160"]
[WhiteFideId "4167635"]
[BlackFideId "912883"]
[EventDate "2012.03.20"]
[EventType "swiss"]

1. e4 c5 2. Nf3 e6 3. d4 cxd4 4. Nxd4 Nf6 5. Nc3 d6 6. g3 Nc6 7. Bg2 Bd7 8. O-O
Be7 9. Be3 O-O 10. Qe2 a6 11. Rad1 Qc7 12. Kh1 Rac8 13. f4 Nxd4 14. Rxd4 Bc6 15.
g4 Nd7 16. f5 Rfe8 17. Qf2 Ne5 18. Qg3 Bf8 19. Rfd1 b5 20. Ne2 Qb7 21. Bc1 Nd7
22. fxe6 fxe6 23. Qe3 e5 24. R4d2 Nc5 25. Nc3 Ne6 26. Nd5 Bxd5 27. exd5 Nf4 28.
Be4 g6 29. Rf2 Bg7 30. g5 Rf8 31. c3 Qc7 32. Rc2 Qe7 33. Qg3 Rc4 34. Re1 Qb7 35.
Qf3 Rc7 36. Qg4 Kh8 37. b3 Rcf7 38. Rd1 Qb6 39. Re1 Nxd5 40. Qd1 Nf4 41. Be3 Qb8
42. c4 Qd8 43. Qg4 bxc4 44. bxc4 d5 45. cxd5 Nxd5 46. Bc5 Rf1+ 47. Rxf1 Rxf1+
48. Bg1 Ne7 49. Qe2 Rf4 50. Bb7 Rf8 51. Rd2 Qa5 52. Rd7 Nf5 53. Qxa6 Qe1 54. Qd3
Qh4 55. Rd8 Qxg5 56. Rxf8+ Bxf8 57. a4 Qe7 58. Qd5 e4 59. Qxe4 Qxe4+ 60. Bxe4
Bb4 1-0

[Event "13th EICC"]
[Site "Plovdiv BUL"]
[Date "2012.03.21"]
[Round "2.143"]
[White "Makka, Ioulia"]
[Black "Ledger, Andrew J"]
[Result "0-1"]
[WhiteTitle "WIM"]
[BlackTitle "IM"]
[WhiteElo "2152"]
[BlackElo "2424"]
[WhiteFideId "4205316"]
[BlackFideId "400610"]
[EventDate "2012.03.20"]
[EventType "swiss"]

1. e4 c6 2. d4 d5 3. Nc3 dxe4 4. Nxe4 Bf5 5. Ng3 Bg6 6. Nh3 e6 7. Nf4 Bd6 8. h4
Qc7 9. Nxg6 hxg6 10. Ne4 Bf4 11. g3 Bxc1 12. Qxc1 Nd7 13. Bg2 Ngf6 14. Qe3 Nxe4
15. Qxe4 O-O-O 16. O-O-O Nf6 17. Qe2 Rd7 18. Rd3 Rhd8 19. Rhd1 Rd6 20. Bf3 Nd7
21. Qe1 Kb8 22. Rb3 Nf6 23. Qb4 Nd5 24. Bxd5 Rxd5 25. Rdd3 g5 26. hxg5 Rxg5 27.
a4 Rf5 28. Rf3 a5 29. Qc4 Rfd5 30. Rbd3 R8d7 31. Kb1 Qd8 32. Rb3 Rxd4 33. Qxc6
Rc7 34. Qb5 Qd7 35. Qxd7 Rcxd7 36. Rbd3 f6 37. Rxd4 Rxd4 38. b3 Kc7 39. Kb2 Kc6
40. Kc3 e5 0-1

[Event "13th EICC"]
[Site "Plovdiv BUL"]
[Date "2012.03.21"]
[Round "2.145"]
[White "Diermair, Andreas"]
[Black "Pogosian, Vladimir"]
[Result "1-0"]
[WhiteTitle "IM"]
[WhiteElo "2416"]
[BlackElo "2153"]
[WhiteFideId "1612468"]
[BlackFideId "13301586"]
[EventDate "2012.03.20"]
[EventType "swiss"]

1. d4 Nf6 2. c4 e5 3. dxe5 Ng4 4. Nf3 Bc5 5. e3 Nc6 6. Nc3 O-O 7. Be2 Ngxe5 8.
Nxe5 Nxe5 9. O-O Re8 10. b3 a5 11. Na4 Bf8 12. Bb2 Ra6 13. f4 Rd6 14. Qb1 Nc6
15. e4 Qh4 16. Rf2 Nd4 17. Bd3 b5 18. cxb5 Bb7 19. e5 Rh6 20. Bxd4 Qxh2+ 21. Kf1
Bb4 22. Be4 d5 23. Bf5 c6 24. a3 Be7 25. Nc5 Bxc5 26. Bxc5 cxb5 27. Bd4 b4 28.
axb4 Qg3 29. Qd3 Qh4 30. b5 Qe7 31. Rxa5 Rh1+ 32. Ke2 g6 33. Bh3 f6 34. Rf1 Rxf1
35. Kxf1 fxe5 36. fxe5 Qb4 37. Qc3 Qf8+ 38. Kg1 Bc8 39. Ra7 Bxh3 40. Qxh3 Qf4
41. Qxh7+ 1-0

[Event "13th EICC"]
[Site "Plovdiv BUL"]
[Date "2012.03.21"]
[Round "2.147"]
[White "Neubauer, Martin"]
[Black "Arnaudov, Petar"]
[Result "1/2-1/2"]
[WhiteTitle "IM"]
[WhiteElo "2413"]
[BlackElo "2149"]
[WhiteFideId "1602675"]
[BlackFideId "2901706"]
[EventDate "2012.03.20"]
[EventType "swiss"]

1. e4 c5 2. Nf3 g6 3. d4 Bg7 4. c4 Qa5+ 5. Nc3 Nc6 6. d5 Nd4 7. Bd2 d6 8. Nxd4
cxd4 9. Nb5 Qd8 10. Bb4 Nf6 11. f3 a5 12. Ba3 Nd7 13. Qd2 O-O 14. Nxd4 Qb6 15.
O-O-O Nc5 16. g4 Bd7 17. Nb5 Bxb5 18. cxb5 Rfc8 19. Kb1 Na4 20. Be2 Rc7 21. Rc1
Rac8 22. Rxc7 Rxc7 23. h4 h6 24. h5 g5 25. Rc1 Rxc1+ 26. Qxc1 Be5 27. Qc2 Qd4
28. Qd1 Qe3 29. Qd3 Qg1+ 30. Bd1 b6 31. Qc2 Nc5 32. Bxc5 dxc5 33. a3 Kg7 34. Ka2
Qe3 35. Kb1 Qd4 36. Be2 Kf6 37. Ka2 Qe3 38. Bd1 Qd4 39. Be2 Qe3 40. Bd1 Qg1 41.
Be2 Qf2 42. Kb1 Qh2 43. Bd1 Qf4 44. Qc1 Qg3 45. Qc2 Qg1 46. Ka2 1/2-1/2

[Event "13th EICC"]
[Site "Plovdiv BUL"]
[Date "2012.03.21"]
[Round "2.148"]
[White "Berman, Mark"]
[Black "Froewis, Georg"]
[Result "1/2-1/2"]
[BlackTitle "IM"]
[WhiteElo "2129"]
[BlackElo "2407"]
[WhiteFideId "2806665"]
[BlackFideId "1618423"]
[EventDate "2012.03.20"]
[EventType "swiss"]

1. e4 c5 2. Nf3 d6 3. d4 cxd4 4. Nxd4 Nf6 5. Nc3 g6 6. Be3 Bg7 7. Be2 O-O 8. O-O
Nc6 9. h3 Bd7 10. Qd2 a6 11. Rad1 Rc8 12. Nxc6 Bxc6 13. f3 Qc7 14. Bd4 Rfd8 15.
Qe3 Nd7 16. Bxg7 Kxg7 17. Qd4+ Kg8 18. Rd2 Qb6 19. Qxb6 Nxb6 20. Rfd1 Rd7 21. b3
Rdc7 22. Nb1 f5 23. exf5 gxf5 24. c4 Kf7 25. Nc3 Kf6 26. Kf2 Nd7 27. Rd4 Nf8 28.
Nd5+ Bxd5 29. Rxd5 Rc5 30. f4 Ne6 31. g3 Rxd5 32. Rxd5 Rc5 33. Bf3 b5 34. Rxc5
Nxc5 35. cxb5 axb5 36. Ke3 e5 37. b4 Na6 38. a3 e4 39. Be2 Nc7 40. a4 Nd5+ 41.
Kd4 Nxb4 42. Bxb5 Ke6 43. Ke3 1/2-1/2

[Event "13th EICC"]
[Site "Plovdiv BUL"]
[Date "2012.03.21"]
[Round "2.151"]
[White "Kreisl, Robert"]
[Black "Andok, Claus Michael"]
[Result "1-0"]
[WhiteTitle "IM"]
[WhiteElo "2400"]
[BlackElo "2116"]
[WhiteFideId "1613880"]
[BlackFideId "24602000"]
[EventDate "2012.03.20"]
[EventType "swiss"]

1. Nf3 Nf6 2. g3 d5 3. Bg2 c5 4. O-O Nc6 5. d4 e6 6. c4 Be7 7. cxd5 Nxd5 8. Nc3
Nf6 9. dxc5 Bxc5 10. Qxd8+ Nxd8 11. Ne5 Nd7 12. Nd3 Bd6 13. Nb5 Bb8 14. Be3 a6
15. Rfc1 Bxg3 16. Na7 1-0

[Event "13th EICC"]
[Site "Plovdiv BUL"]
[Date "2012.03.21"]
[Round "2.154"]
[White "Kanmazalp, Ogulcan"]
[Black "Balokas, Dimitrios"]
[Result "1-0"]
[WhiteTitle "IM"]
[WhiteElo "2389"]
[BlackElo "2080"]
[WhiteFideId "6304990"]
[BlackFideId "4216920"]
[EventDate "2012.03.20"]
[EventType "swiss"]

1. e4 c5 2. Nf3 e6 3. b3 Nc6 4. Bb2 a6 5. c4 Nf6 6. e5 Ng4 7. h3 Nh6 8. g4 g6 9.
Nc3 Bg7 10. Ne4 O-O 11. d3 d5 12. Nf6+ Kh8 13. Qe2 Qa5+ 14. Qd2 Qxd2+ 15. Nxd2
Nb4 16. Kd1 dxc4 17. dxc4 Rd8 18. a3 Nc6 19. Bg2 Nd4 20. Bxd4 Rxd4 21. Ke2 Ng8
22. Nf3 Nxf6 23. Nxd4 cxd4 24. exf6 Bxf6 25. Kd3 e5 26. b4 Bg7 27. Bd5 f5 28. f3
Rb8 29. a4 Bd7 30. b5 h6 31. bxa6 bxa6 32. c5 e4+ 33. fxe4 fxe4+ 34. Kxe4 Re8+
35. Kd3 Re3+ 36. Kd2 Re5 37. c6 Rxd5 38. cxd7 Rxd7 39. Rab1 Kh7 40. Rhe1 h5 41.
g5 Bf8 42. Kd3 a5 43. Rb5 Bb4 44. Re4 Bc3 45. Rbe5 1-0

[Event "13th EICC"]
[Site "Plovdiv BUL"]
[Date "2012.03.21"]
[Round "2.155"]
[White "Ljangov, Petar"]
[Black "Popilski, Gil"]
[Result "0-1"]
[BlackTitle "IM"]
[WhiteElo "2089"]
[BlackElo "2389"]
[WhiteFideId "2901277"]
[BlackFideId "2809060"]
[EventDate "2012.03.20"]
[EventType "swiss"]

1. Nf3 f5 2. d3 Nc6 3. e4 e5 4. Bg5 Be7 5. Bxe7 Ngxe7 6. Nc3 O-O 7. Be2 d6 8.
O-O Ng6 9. Nd5 Be6 10. c4 Kh8 11. Qd2 Rc8 12. b4 Nh4 13. Ng5 Nd4 14. Nxe6 Nxe6
15. g3 c6 16. Nc3 f4 17. gxh4 f3 18. Bd1 Qxh4 19. Kh1 Rf6 20. Rg1 Rh6 21. Qxh6
Qxh6 22. Bxf3 Rf8 23. Rg3 Nd4 24. Bg2 Qd2 25. Na4 Qxb4 0-1

[Event "13th EICC"]
[Site "Plovdiv BUL"]
[Date "2012.03.21"]
[Round "2.156"]
[White "Schroll, Gerhard"]
[Black "Henseler, Jorgen"]
[Result "1-0"]
[WhiteTitle "IM"]
[WhiteElo "2388"]
[BlackElo "2071"]
[WhiteFideId "1600907"]
[BlackFideId "1023233"]
[EventDate "2012.03.20"]
[EventType "swiss"]

1. b3 e5 2. Bb2 Nc6 3. c4 d6 4. e3 g6 5. g3 Bg7 6. Bg2 f5 7. Ne2 Nf6 8. O-O O-O
9. a3 h6 10. b4 e4 11. d4 Qe8 12. Nd2 g5 13. Qb3 Kh8 14. Rae1 Bd7 15. f3 exf3
16. Bxf3 a6 17. a4 Qg6 18. b5 axb5 19. axb5 Nd8 20. Qd3 Re8 21. Nc3 c6 22. Ra1
Rxa1 23. Rxa1 Nf7 24. Ra7 Rb8 25. Nb3 g4 26. Bg2 Ng5 27. Nd2 Nh3+ 28. Kf1 h5 29.
Ba3 Bf8 30. Ne2 Qh6 31. Nf4 Nxf4 32. exf4 h4 33. Kf2 h3 34. Bf1 d5 35. b6 Ne4+
36. Nxe4 fxe4 37. Bxf8 Qxf8 38. Qa3 Qxa3 39. Rxa3 Kg7 40. Ra4 Be6 41. Ke3 Kh6
42. Be2 dxc4 43. f5 Bxf5 44. Bxc4 Be6 45. Be2 Rd8 46. Ra5 Kg6 47. Re5 Kf6 48.
Rxe4 Ra8 49. Bxg4 Ra3+ 50. Kf4 Bxg4 51. Kxg4 Rb3 52. Kxh3 Rxb6 53. Kg4 Rb4 54.
h4 Rb1 55. h5 b5 56. Rf4+ Kg7 57. Kg5 b4 58. h6+ 1-0